Travesuras de la niña mala (Registro nro. 15931)

000 -CABECERA
campo de control de longitud fija 01500nam a22002417a 4500
003 - IDENTIFICADOR DEL NÚMERO DE CONTROL
campo de control OSt
005 - FECHA Y HORA DE LA ÚLTIMA TRANSACCIÓN
campo de control 20250506144722.0
008 - DATOS DE LONGITUD FIJA--INFORMACIÓN GENERAL
campo de control de longitud fija 250506b ||||| |||| 00| 0 spa d
020 ## - NÚMERO INTERNACIONAL ESTÁNDAR DEL LIBRO
Número Internacional Estándar del Libro 9789586397421
040 ## - FUENTE DE LA CATALOGACIÓN
Centro/agencia transcriptor CO-Mq BPB
041 ## - CÓDIGO DE LENGUA
Código de lengua del texto/banda sonora o título independiente spa
082 ## - NÚMERO DE LA CLASIFICACIÓN DECIMAL DEWEY
Número de clasificación AN
Número de documento/Ítem VARt
100 ## - ENTRADA PRINCIPAL--NOMBRE DE PERSONA
Nombre de persona Vargas Llosa, Mario
Fechas asociadas al nombre 1936-2025
Término indicativo de función/relación autor
245 ## - MENCIÓN DE TÍTULO
Título Travesuras de la niña mala
264 ## - PRODUCCIÓN, PUBLICACIÓN, DISTRIBUCIÓN, FABRICACIÓN Y COPYRIGHT
Producción, publicación, distribución, fabricación y copyright Bogotá;
Nombre del de productor, editor, distribuidor, fabricante Penguin Random House,
Fecha de producción, publicación, distribución, fabricación o copyright 2015
300 ## - DESCRIPCIÓN FÍSICA
Extensión 418 páginas;
Otras características físicas Tapa rustica
Dimensiones 19 cm
490 ## - MENCIÓN DE SERIE
Mención de serie Premio Nobel De Literatura
521 ## - NOTA DE PÚBLICO DESTINATARIO
Nota de público destinatario «Una novela de amor de hoy, de erotismo, con encuentros, separaciones, sufrimientos, engaños, entrega, y también mucha verdad, y en la que Vargas Llosa, a modo de entomólogo, analiza minuciosamente la condición humana, como su gran admirado Flaubert en La educación sentimental, obra que se cita en la novela, entre otras muchas referencias literarias alas que alude el autor. Y es que la idea de novela para Vargas Llosa es\"la experiencia totalizadora de la condición humana\".»El País «La niña mala recuerda a los amorosos de Sabines: buscan la felicidad sin nunca encontrarla, pues encontrarla equivaldría a perderla sin remedio. Muy recomendable esta novela, en apariencia modesta, pero que en realidad rasca con saña exquisita en nuestros más íntimos deseos y frustraciones domésticas.» Javier Munguía, Revista de Letras
650 ## - PUNTO DE ACCESO ADICIONAL DE MATERIA--TÉRMINO DE MATERIA
Término de materia o nombre geográfico como elemento de entrada Ficción erótica
650 ## - PUNTO DE ACCESO ADICIONAL DE MATERIA--TÉRMINO DE MATERIA
Término de materia o nombre geográfico como elemento de entrada Novelas de amor erótico
650 ## - PUNTO DE ACCESO ADICIONAL DE MATERIA--TÉRMINO DE MATERIA
Término de materia o nombre geográfico como elemento de entrada Literatura adulto
942 ## - ELEMENTOS DE PUNTO DE ACCESO ADICIONAL (KOHA)
Fuente del sistema de clasificación o colocación
Tipo de ítem Koha Libro Literatura
Existencias
Estado de retiro Estado de pérdida Fuente del sistema de clasificación o colocación Estado dañado No para préstamo Código de colección Localización permanente Ubicación/localización actual Ubicación en estantería Fecha de adquisición Fuente de adquisición Número de inventario Total de préstamos Signatura topográfica completa Código de barras Fecha visto por última vez Fecha del último préstamo Número de copia Precio válido a partir de Tipo de ítem Koha Nota pública Renovaciones totales
          Literatura Adulto Biblioteca Pública San Juan Bosco Biblioteca Pública San Juan Bosco Literatura 06/05/2025 Compra 2024 NT 1 AN VARt MOS504391 12/08/2025 29/07/2025 Ej.1 06/05/2025 Libro Literatura Quince dias  
          Literatura Adulto Biblioteca Pública San Juan Bosco Biblioteca Pública San Juan Bosco Literatura 06/05/2025 Compra 2024 NT 1 AN VARt MOS504392 10/02/2026 08/01/2026 Ej.2 06/05/2025 Libro Literatura Quince dias 2

© Todos los derechos reservados para la Biblioteca Pública Municipal San Juan Bosco, 2020
Secretaria de Cultura de Mosquera
Carrera 3 N° 10 Esquina Centro Cultural Barrio El Carmén Teléfono: 8270830 Ext: 34
Funcionando con KOHA
Contacto: Biblioteca Pública Municipal San Juan Bosco/ bibliotecasanjuanbosco@mosquera-cundinamarca.gov.co
Mosquera, Cundinamarca